Administración de sistemas de información /
Guardado en:
| Autor Principal: | |
|---|---|
| Formato: | Libro |
| Idioma: | Spanish English |
| Publicado: |
México :
International Thomson Editores,
c2001.
|
| Edición: | 2a. ed. |
| Series: | Ciencias ingenierias.
|
| Materias: | |
| Etiquetas: |
Agregar Etiqueta
Sin Etiquetas, Sea el primero en etiquetar este registro!
|
| LEADER | 01002nam a22002655a 4500 | ||
|---|---|---|---|
| 001 | EAD.ead000677 | ||
| 008 | 070302s2001####mx#a#####b####001#0#spa#d | ||
| 005 | 20241205153910.0 | ||
| 245 | 1 | 0 | |a Administración de sistemas de información / |c Effy Oz. |
| 250 | |a 2a. ed. | ||
| 260 | |a México : |b International Thomson Editores, |c c2001. | ||
| 300 | |a xxiv, 688 p. : |b il. ; |c 27 cm. | ||
| 490 | 1 | |a Ciencias ingenierias | |
| 500 | |a Traducción de: Management information systems. | ||
| 504 | |a Incluye referencias bibliográficas, glosario e índice. | ||
| 020 | |a 9706860436 | ||
| 100 | 1 | |a Oz, Effy. | |
| 830 | 0 | |a Ciencias ingenierias. | |
| 082 | 0 | 4 | |a 658.4038011 |2 21 |
| 650 | 7 | |a Sistemas de información administrativa. |2 unbist | |
| 650 | 7 | |a Tecnología de la información. |2 unbist | |
| 650 | 7 | |a Toma de decisiones. |2 unbist | |
| 041 | 1 | |a spa |h eng | |
| 859 | |a AR-BaBDC |b BIB. ADMINISTRACION - Libros |h 658.4038011 |i Oz1a2 |p b05459 | ||
| 859 | |a AR-BaBDC |b BIB. ADMINISTRACION - Libros |h 658.4038011 |i Oz1a2 |p b05473 |t Ej.2 | ||
